Thực trạng quan hệ Việt - Nga trên các diễn đàn khu vực và quốc tế /

محفوظ في:
التفاصيل البيبلوغرافية
المؤلف الرئيسي: Ngô Phương Anh.
التنسيق: مقال
اللغة:Vietnamese
الموضوعات:
الوسوم: إضافة وسم
لا توجد وسوم, كن أول من يضع وسما على هذه التسجيلة!
Thư viện lưu trữ: Thư viện Trường Đại học Đà Lạt
LEADER 00849nam a2200277 4500
001 DLU170179344
005 ##20170323
040 # # |a DLU  |b vie 
041 # # |a vie 
044 # # |a vn 
100 # # |a Ngô Phương Anh. 
245 # # |a Thực trạng quan hệ Việt - Nga trên các diễn đàn khu vực và quốc tế /  |c Ngô Phương Anh 
653 # # |a Đối tác chiến lược 
653 # # |a Diễn đàn quốc tế 
653 # # |a Liên hiệp quốc 
653 # # |a Quan hệ Việt - Nga 
773 # # |t Nghiên cứu Châu Âu  |g Số 11(182), 2015, tr. 70-79 
920 # # |a Phòng Tạp chí -- Trung tâm Thông tin - Thư viện Trường Đại học Đà Lạt 
994 # # |a DLU 
900 # # |a True 
911 # # |a Nguyễn Thị Tưởng 
925 # # |a G 
926 # # |a A 
927 # # |a BB 
980 # # |a Thư viện Trường Đại học Đà Lạt